01310nam a2200289Ia 4500001001200000003000800012006001900020007001500039008004100054020001500095020002600110040002100136035002000157050002400177245029100201260005600492300002400548504004100572533015200613650002800765650002200793650001600815655002900831710001700860856012600877999001701003ebr10078112CaPaEBRm u cr cn|||||||||050328s2005 dcua sb 000 0 eng d z030909447X z0309546648 (pdf file) aCaPaEBRcCaPaEBR a(OCoLC)7072414714aTD426b.C661 2005eb00aContaminants in the subsurfaceh[electronic resource] :bsource zone assessment and remediation /cCommittee on Source Removal of Contaminants in the Subsurface, Water Science and Technology Board, Division on Earth and Life Studies, National Research Council of the National Academies. aWashington, DC :bNational Academies Press,cc2005. axii, 358 p. :bill. aIncludes bibliographical references. aElectronic reproduction.bPalo Alto, Calif. :cebrary,d2009.nAvailable via World Wide Web.nAccess may be limited to ebrary affiliated libraries. 0aGroundwaterxPollution. 0aGroundwater flow. 0aPollutants. 7aElectronic books.2local2 aebrary, Inc.40uhttp://site.ebrary.com/lib/rucke/Doc?id=10078112zAn electronic book accessible through the World Wide Web; click to view c73503d73503